000 00603nam a2200229Ia 4500
003 OSt
005 20220928103954.0
006 a|||||r|||| 00| 0
007 ta
008 220927b |||||||| |||| 00| 0 eng d
024 _a139855
037 _cTextual
040 _aSDCL
_cSDCL
_beng
041 _2eng
_aeng
082 _aO152,6N37x, L3
100 _aRay Upendra Nath
_9407847
245 0 _aSahitya aur samaj.
260 _aLoknaw
_bNavyag Grathagar
_c1973
300 _a251p.
_ccm.
942 _hO152,6N37x, L3
_cTEXL
_2CC
999 _c723356
_d723356